000 00644nam a2200253Ia 4500
005 20260121114200.0
008 008 260114s9999 xx 000 0 eng d
020 _a9781119670186
037 _aEBOOK
040 _aCRL
040 _beng
040 _cCRL
041 _2eng
041 _aeng
084 _qCRL
100 _aAlexandra B. Ribeiro
_9971853
245 0 _aElectrokinetic Remediation for Environmental Security and Sustainability
260 _bWiley
260 _c2021
856 _uhttps://onlinelibrary.wiley.com/doi/book/10.1002/9781119670186
942 _cEBOOK
999 _c1551107
_d1551107